|
|
|
|
| LEADER |
00000ny a22000003n 4500 |
| 005 |
20110523135231.0 |
| 008 |
101118s2010 it 000 ita d |
| 022 |
|
|
|a 9788884229229
|
| 035 |
|
|
|a 5053
|
| 040 |
|
|
|a BUS
|d vLex
|
| 090 |
|
|
|c 166
|d 166
|
| 100 |
1 |
|
|a Carabelli, Umberto
|
| 245 |
1 |
3 |
|a Il lavoro pubblico in Italia
|h [Recurso electrn̤ico]
|c Umberto Carabelli ; Maria Teresa Carinci
|
| 256 |
|
|
|a Servicio en ln̕ea
|
| 260 |
|
|
|a [Roma] :
|b Cacucci Editore,
|c 2010
|
| 506 |
1 |
|
|a Contenido solo disponible en los productos indicados
|d vLex Global
|d vLex Global (Academic Edition, excluding Law Schools)
|d vLex Global (U.S. Academic Edition, Law Schools)
|d vLex Global (U.S. Academic Edition, excluding Law Schools)
|d vLex Global (Academic Edition, Law Schools)
|
| 650 |
0 |
4 |
|a Administracin̤ pb︢lica
|x Italia
|
| 700 |
1 |
|
|a Carinci, Maria Teresa
|
| 740 |
0 |
|
|a vLex Libros (Servicios en ln̕ea)
|
| 856 |
4 |
0 |
|z Acceso restringido
|u http://vlex.com/source/lavoro-pubblico-italia-5053
|
| 942 |
|
|
|c BOOK
|
| 999 |
0 |
|
|a Public administration
|b Italy
|